000 00816nam a22002417a 4500
003 OSt
005 20250827144251.0
008 250827b |||||||| |||| 00| 0 eng d
037 _cDissertation
040 _aFEDL
_beng
_cFEDL
041 _aeng
_heng
082 _a907 FAT/DI
100 _aFatima Asif
_9819042
110 _aUniversity of Delhi. Department of Education
_9818316
245 _aExploring the use of artificial intelligence in history classroom:
_bA study/
_cby Fatima Asif; Ajit Kumar Bohet. Supervisor
260 _bUniversity of Delhi
_c2025
300 _aix, 102p.
650 _aHISTORY TEACHING
_9756550
650 _aARTIFICIAL INTELLIGENCE
700 _aBohet, Ajit Kumar. Supervisor
_9819043
942 _2ddc
_cDIS
_h907 FAT/DI
_n0
999 _c1434915
_d1434915